[Event "Niedersachsen-ch op"]
[Site "Verden"]
[Date "2016.01.05"]
[Round "6"]
[White "Nogatz, Falco"]
[Black "Haerig, Wilfried"]
[Result "1/2-1/2"]
[WhiteElo "1798"]
[BlackElo "2022"]
[PlyCount "64"]
[EventDate "2016.01.03"]
[EventType "swiss"]
[EventRounds "7"]
[EventCountry "GER"]
[SourceTitle "EXT 2018"]
[Source "ChessBase"]
[SourceDate "2017.10.13"]
[SourceVersion "1"]
[SourceVersionDate "2017.10.13"]
[SourceQuality "1"]

1. f4 c5 2. Nf3 Nc6 3. e4 e6 4. Nc3 g6 5. g3 Bg7 6. Bg2 Nge7 7. 0-0 0-0 8. d3 b6 9. Ne2 Bb7 10. c3 d5 11. g4 dxe4 12. dxe4 Qxd1 13. Rxd1 Rad8 14. Be3 Na5 15. Rxd8 Rxd8 16. Nd2 Ba6 17. Kf2 Nc8 18. Bf1 Nc4 19. Nxc4 Bxc4 20. Ng3 Nd6 21. Be2 a5 22. e5 Bxe2 23. Kxe2 Ne8 24. Ne4 f6 25. exf6 Nxf6 26. Nxf6+ Bxf6 27. Rd1 Rxd1 28. Kxd1 Kf7 29. Kc2 Ke7 30. Kd3 Kd6 31. Kc4 Kc6 32. a4 Bg7 1/2-1/2